[Event "BL 8889 Nürnberg-Bielefeld"]
[Site "?"]
[Date "1989.??.??"]
[Round "?.2"]
[White "Pribyl, J."]
[Black "Popovic, P."]
[Result "1/2-1/2"]
[WhiteElo "2435"]
[BlackElo "2530"]
[PlyCount "55"]
[EventDate "1989.??.??"]

1. Nf3 Nf6 2. c4 g6 3. Nc3 d5 4. cxd5 Nxd5 5. e4 Nxc3 6. dxc3 Qxd1+ 7. Kxd1 Nd7
8. Bf4 c6 9. Ne5 Nxe5 10. Bxe5 f6 11. Bg3 e5 12. Bc4 h5 13. h4 Ke7 14. Ke2 Be6
15. Bb3 a5 16. Bxe6 Kxe6 17. a4 Bc5 18. f3 f5 19. Rad1 Rhg8 20. Be1 fxe4 21.
fxe4 Raf8 22. g3 g5 23. hxg5 Rxg5 24. Rh4 Rg4 25. Rxg4 hxg4 26. Rd2 Rh8 27. Kd3
Rd8+ 28. Kc2 1/2-1/2

[Event "BL 8889 Nürnberg-Bielefeld"]
[Site "?"]
[Date "1989.??.??"]
[Round "?.3"]
[White "Marjanovic, S."]
[Black "Seibold, H."]
[Result "1-0"]
[WhiteElo "2485"]
[BlackElo "2220"]
[PlyCount "85"]
[EventDate "1989.??.??"]

1. e4 c5 2. Nf3 Nc6 3. d4 cxd4 4. Nxd4 g6 5. c4 Bg7 6. Be3 Nf6 7. Nc3 d6 8. Be2
O-O 9. O-O Nxd4 10. Bxd4 Bd7 11. f3 a5 12. b3 Bc6 13. Rc1 Nd7 14. Be3 Nc5 15.
a3 b6 16. Kh1 Kh8 17. b4 axb4 18. axb4 Nd7 19. Qd2 f5 20. exf5 Rxf5 21. Bd3 Rf8
22. Be4 Bxe4 23. Nxe4 Ra3 24. Ng5 Qa8 25. Ne6 Ra2 26. Qe1 Rf5 27. Nxg7 Kxg7 28.
Bd4+ Kf7 29. Qe3 Ne5 30. Bxb6 Rb2 31. Ba5 Qc6 32. b5 Qa8 33. Bc3 Rb3 34. Qh6
Rh5 35. Qd2 Rf5 36. Rce1 Nxc4 37. Qd4 Ne5 38. f4 Qa3 39. Rf3 h5 40. Rfe3 Qc5
41. Qxc5 dxc5 42. Bxe5 Rxb5 43. Bc7 1-0

[Event "BL 8889 Nürnberg-Bielefeld"]
[Site "?"]
[Date "1989.??.??"]
[Round "?.6"]
[White "Huemmer, B."]
[Black "Gruen, G."]
[Result "1/2-1/2"]
[WhiteElo "2295"]
[BlackElo "2380"]
[PlyCount "99"]
[EventDate "1989.??.??"]

1. d4 Nf6 2. Bg5 e6 3. e3 h6 4. Bh4 b6 5. f4 g5 6. fxg5 Ne4 7. Qf3 Bb7 8. Nd2
hxg5 9. Nxe4 Bxe4 10. Qxe4 d5 11. Bxg5 Qxg5 12. Qf4 Bh6 13. Qxg5 Bxg5 14. Kf2
Ke7 15. Bd3 c5 16. c3 f5 17. Nh3 Bh6 18. Nf4 Rg8 19. g3 Nd7 20. Rad1 Nf6 21.
Kf3 c4 22. Bc2 b5 23. h3 b4 24. cxb4 Rab8 25. Rhg1 Rxb4 26. Rb1 Bxf4 27. Kxf4
Rh8 28. Rh1 Kd6 29. Kf3 Ne4 30. Kf4 Rhb8 31. Bxe4 dxe4 32. Rh2 Ra4 33. Rc2 Kd5
34. Rbc1 Rxa2 35. Rxc4 Raxb2 36. Rc5+ Kd6 37. Rc7 R8b6 38. Rxa7 Rf2+ 39. Kg5
Rf3 40. Rcc7 Rxg3+ 41. Kf6 Rxe3 42. Rd7+ Kc6 43. Kxe6 f4 44. Ra5 Rbb3 45. d5+
Kb6 46. Rda7 Rxh3 47. R7a6+ Kb7 48. Ra7+ Kb6 49. R7a6+ Kb7 50. Ra7+ 1/2-1/2

[Event "BL 8889 Solingen-Nürnberg"]
[Site "?"]
[Date "1989.??.??"]
[Round "?.2"]
[White "Lobron, E."]
[Black "Pribyl, J."]
[Result "1-0"]
[WhiteElo "2530"]
[BlackElo "2435"]
[PlyCount "83"]
[EventDate "1989.??.??"]

1. Nf3 Nf6 2. c4 g6 3. Nc3 d5 4. d4 Bg7 5. Bg5 Ne4 6. cxd5 Nxg5 7. Nxg5 e6 8.
Qd2 exd5 9. Qe3+ Kf8 10. Qf4 Bf6 11. h4 Kg7 12. O-O-O h6 13. Nf3 c6 14. e4 dxe4
15. Ne5 Be6 16. Bc4 Bxc4 17. Nxc4 Nd7 18. Nd6 Nb6 19. Ncxe4 Nd5 20. Qg3 Rb8 21.
Rd3 Rf8 22. Rf3 Be7 23. Nf5+ Kh7 24. Ng5+ Bxg5+ 25. hxg5 h5 26. Kb1 Qc7 27. Qh4
Rbe8 28. g4 Re4 29. Ng3 Qe7 30. a3 Kg7 31. Rb3 Rxg4 32. Nxh5+ gxh5 33. Qxh5
Qxg5 34. Qh7+ Kf6 35. Rh6+ Ke7 36. Rxb7+ Ke8 37. Rxc6 Nb6 38. Qc2 Rg1+ 39. Ka2
Qd5+ 40. b3 Rfg8 41. Rcc7 Kf8 42. Qh7 1-0

[Event "BL 8889 Solingen-Nürnberg"]
[Site "?"]
[Date "1989.??.??"]
[Round "?.3"]
[White "Seibold, H."]
[Black "Lau, R."]
[Result "0-1"]
[WhiteElo "2220"]
[BlackElo "2495"]
[PlyCount "82"]
[EventDate "1989.??.??"]

1. e4 c5 2. Nf3 d6 3. d4 cxd4 4. Nxd4 Nf6 5. Nc3 a6 6. Bg5 Nc6 7. Qd2 e6 8.
O-O-O Bd7 9. f4 b5 10. Bxf6 gxf6 11. f5 Nxd4 12. Qxd4 Bh6+ 13. Kb1 Bf4 14. g4
Rc8 15. Ne2 Qc7 16. Qd3 Be5 17. Qd2 b4 18. Nc1 a5 19. Nd3 Bd4 20. Ne1 Be5 21.
Nd3 Ba4 22. Rc1 Bd4 23. Bh3 Qb6 24. Qh6 Qc6 25. Qd2 e5 26. Rhe1 h6 27. Re2 Qb6
28. Bf1 Ke7 29. h4 Rc7 30. g5 hxg5 31. hxg5 Rh1 32. gxf6+ Kxf6 33. Nf2 Bxc2+
34. Ka1 Bxf2 35. Rxf2 Bxe4 36. Rxc7 Qxc7 37. Qd1 d5 38. Rd2 d4 39. Qe1 Qc4 40.
Rd1 Bd3 41. Rc1 Qxc1+ 0-1

[Event "BL 8889 Bielefeld-Bamberg"]
[Site "?"]
[Date "1989.??.??"]
[Round "?.1"]
[White "Unzicker, W."]
[Black "Keitlinghaus, L."]
[Result "1-0"]
[WhiteElo "2460"]
[BlackElo "2410"]
[PlyCount "74"]
[EventDate "1989.??.??"]

1. e4 e6 2. d4 d5 3. Nc3 Nc6 4. Nf3 Nf6 5. exd5 exd5 6. Bb5 Bb4 7. O-O O-O 8.
Bg5 Bxc3 9. bxc3 Qd6 10. Qc1 Ne4 11. Bf4 Qg6 12. Qe3 Bh3 13. Nh4 Qf6 14. f3
Qxh4 15. fxe4 Be6 16. c4 Rfe8 17. Qc3 a6 18. exd5 axb5 19. dxe6 fxe6 20. cxb5
Na5 21. Bxc7 Rec8 22. Rae1 Qe7 23. b6 Qd7 24. Re4 Nc6 25. Qb3 Kh8 26. c3 Re8
27. Rfe1 Qf7 28. Rxe6 Rf8 29. R6e2 Qf6 30. d5 Ne7 31. Be5 Qf5 32. Bxg7+ Kxg7
33. Rxe7+ Kh8 34. Qb2 Qf6 35. Qb1 Qf2+ 36. Kh1 Rf5 37. R7e2 Qf4 1-0

[Event "BL 8889 Bielefeld-Bamberg"]
[Site "?"]
[Date "1989.??.??"]
[Round "?.2"]
[White "Popovic, P."]
[Black "Pfleger, He"]
[Result "0-1"]
[WhiteElo "2530"]
[BlackElo "2490"]
[PlyCount "84"]
[EventDate "1989.??.??"]

1. e4 d6 2. d4 Nf6 3. Nc3 g6 4. g3 Bg7 5. Bg2 O-O 6. Nge2 Nbd7 7. h3 e5 8. Be3
c6 9. a4 Qe7 10. O-O Ne8 11. Qd2 f5 12. exf5 gxf5 13. dxe5 dxe5 14. a5 e4 15.
Na4 Nc7 16. Nf4 Ne5 17. Bc5 Rd8 18. Qe2 Qf7 19. Rad1 Re8 20. b3 Ng6 21. Nxg6
hxg6 22. f3 exf3 23. Qxf3 Ne6 24. Be3 Bd7 25. Rd2 Re7 26. Rfd1 Be8 27. Qf2 Be5
28. Bxa7 Bxg3 29. Qxg3 Rxa7 30. b4 f4 31. Qf2 Ra8 32. Nb6 Rb8 33. Re1 Qg7 34.
Re4 g5 35. Rde2 Bf7 36. Nc4 Rd8 37. c3 Qxc3 38. Ne5 Rd1+ 39. Kh2 Bh5 40. Bf3
Bxf3 41. Nxf3 g4 42. hxg4 Qh8+ 0-1

[Event "BL 8889 Bielefeld-Bamberg"]
[Site "?"]
[Date "1989.??.??"]
[Round "?.3"]
[White "Goehring, K."]
[Black "Marjanovic, S."]
[Result "1-0"]
[WhiteElo "2335"]
[BlackElo "2485"]
[PlyCount "87"]
[EventDate "1989.??.??"]

1. d4 Nf6 2. c4 c5 3. d5 b5 4. cxb5 a6 5. bxa6 g6 6. Nc3 Bxa6 7. Nf3 d6 8. g3
Bg7 9. Bg2 O-O 10. O-O Nbd7 11. Qc2 Nb6 12. Rd1 Bb7 13. e4 Qd7 14. Bf1 Rfb8 15.
Rb1 h6 16. b3 e6 17. Bh3 Qe7 18. dxe6 fxe6 19. Nh4 Ne8 20. Bg2 g5 21. Nf3 Bxc3
22. Qxc3 Rxa2 23. e5 d5 24. h4 Qh7 25. Rb2 Rxb2 26. Bxb2 Nd7 27. hxg5 d4 28.
Qc1 Qf5 29. Nxd4 cxd4 30. Bxb7 Nxe5 31. Bg2 Nd3 32. Qc2 Nxb2 33. Qxb2 hxg5 34.
Rxd4 Nf6 35. b4 Kf7 36. Qd2 Qb1+ 37. Bf1 g4 38. Qf4 Rh8 39. Rc4 e5 40. Rc7+ Kg6
41. Qe3 Qxb4 42. Qxe5 Qb1 43. Qd4 Rf8 44. Kg2 1-0

[Event "BL 8889 Bielefeld-Bamberg"]
[Site "?"]
[Date "1989.??.??"]
[Round "?.1"]
[White "Pieper Emden, C."]
[Black "Kurz, A."]
[Result "1/2-1/2"]
[WhiteElo "2345"]
[BlackElo "2280"]
[PlyCount "75"]
[EventDate "1989.??.??"]

1. d4 Nf6 2. c4 g6 3. Nc3 Bg7 4. e4 d6 5. f3 O-O 6. Be3 Nc6 7. Nge2 a6 8. Nc1
e5 9. Nb3 exd4 10. Nxd4 Ne5 11. Be2 c6 12. O-O b5 13. cxb5 axb5 14. a3 Bd7 15.
b3 Qa5 16. Qd2 b4 17. axb4 Qxb4 18. Rab1 d5 19. Nc2 Qe7 20. exd5 Nxd5 21. Nxd5
cxd5 22. Nd4 Rfe8 23. Bf2 Nc6 24. Rfe1 Nxd4 25. Bxd4 Ra2 26. Qxa2 Bxd4+ 27. Kh1
Bc3 28. Rec1 Bf5 29. Rxc3 Bxb1 30. Qxb1 Qxe2 31. h3 Qd2 32. Rc1 Re2 33. Rd1 Qe3
34. Qc1 Qf2 35. Qc8+ Kg7 36. Qc3+ Kh6 37. Qc1+ Kg7 38. Qc3+ 1/2-1/2

[Event "BL 8889 Bielefeld-Bamberg"]
[Site "?"]
[Date "1989.??.??"]
[Round "?.5"]
[White "Meister, P."]
[Black "Baumhus, R."]
[Result "1-0"]
[WhiteElo "2325"]
[BlackElo "2335"]
[PlyCount "79"]
[EventDate "1989.??.??"]

1. d4 Nf6 2. c4 c5 3. d5 e5 4. Nc3 d6 5. e4 Be7 6. h3 Nbd7 7. Nf3 O-O 8. Bd3
Ne8 9. Qc2 Nc7 10. O-O Re8 11. Rb1 Nf8 12. Be3 Ng6 13. b4 cxb4 14. Rxb4 Na6 15.
Rbb1 Nc5 16. Bxc5 dxc5 17. Rfe1 Bd6 18. Bf1 Rf8 19. Qd2 b6 20. Rb3 h6 21. a4
Nf4 22. Qe3 Qf6 23. Kh1 Bd7 24. Nb5 g5 25. Nh2 h5 26. Nxd6 Qxd6 27. g3 Ng6 28.
Qxg5 Kg7 29. h4 f5 30. exf5 Rxf5 31. Qe3 Raf8 32. Rb2 Bxa4 33. Ra1 b5 34. cxb5
Qxd5+ 35. Bg2 Qc4 36. Nf3 Rd8 37. Ng5 Rd1+ 38. Rxd1 Bxd1 39. Qd2 Bg4 40. Qd7+
1-0

[Event "BL 8889 Bielefeld-Bamberg"]
[Site "?"]
[Date "1989.??.??"]
[Round "?.6"]
[White "Gruen, G."]
[Black "Ruehrig, V."]
[Result "1/2-1/2"]
[WhiteElo "2380"]
[BlackElo "2330"]
[PlyCount "84"]
[EventDate "1989.??.??"]

1. d4 Nf6 2. Nf3 c5 3. d5 d6 4. Nc3 e6 5. e4 exd5 6. exd5 Be7 7. Bb5+ Nbd7 8.
a4 O-O 9. O-O Ne8 10. Re1 Nc7 11. Bf1 Nf6 12. a5 Bd7 13. h3 Re8 14. Bf4 b5 15.
axb6 axb6 16. Rxa8 Qxa8 17. Rxe7 Rxe7 18. Bxd6 Ncxd5 19. Bxe7 Nxe7 20. Ne5 Be8
21. Qd6 Nc6 22. Ng4 Nxg4 23. hxg4 Qc8 24. Nd5 Qxg4 25. c3 Qe6 26. Qxe6 fxe6 27.
Nxb6 Na5 28. Nc4 Nxc4 29. Bxc4 Kf7 30. f4 Kf6 31. Kf2 Bc6 32. b4 cxb4 33. cxb4
e5 34. Ba6 exf4 35. b5 Be4 36. b6 Ke5 37. b7 Bxb7 38. Bxb7 g5 39. Bf3 Kf5 40.
Bd1 h6 41. Bc2+ Ke5 42. Bg6 g4 1/2-1/2

[Event "BL 8889 Bielefeld-Bamberg"]
[Site "?"]
[Date "1989.??.??"]
[Round "?.7"]
[White "Kestler, H."]
[Black "Beilfuss, W."]
[Result "1/2-1/2"]
[WhiteElo "2370"]
[BlackElo "2255"]
[PlyCount "62"]
[EventDate "1989.??.??"]

1. Nf3 Nf6 2. c4 e6 3. g3 d5 4. Bg2 dxc4 5. O-O a6 6. a4 b6 7. Qc2 Bb7 8. Qxc4
Be7 9. d4 O-O 10. Nc3 b5 11. Qb3 b4 12. Bg5 Nbd7 13. Nb1 c5 14. dxc5 Bxc5 15.
Nbd2 h6 16. Bxf6 Nxf6 17. Rad1 Bd5 18. Qd3 Qc7 19. Rc1 Qa7 20. e4 Bb7 21. e5
Rfd8 22. Qc4 Nd7 23. Qf4 Rac8 24. Nb3 Be7 25. Rxc8 Rxc8 26. h4 Qa8 27. Rd1 Nf8
28. Ne1 Bxg2 29. Nxg2 Qc6 30. Rc1 Qd7 31. Rxc8 Qxc8 1/2-1/2

[Event "BL 8889 Koblenz-München 36"]
[Site "?"]
[Date "1989.??.??"]
[Round "?.1"]
[White "Smejkal, J."]
[Black "Garcia Palermo, C."]
[Result "1-0"]
[WhiteElo "2515"]
[BlackElo "2455"]
[PlyCount "65"]
[EventDate "1989.??.??"]

1. c4 e5 2. Nc3 Nf6 3. Nf3 Nc6 4. g3 Nd4 5. Bg2 Nxf3+ 6. Bxf3 Bb4 7. Qb3 Ba5 8.
Qa3 c6 9. O-O Bb6 10. d3 Qe7 11. b4 d6 12. Bg5 Bh3 13. Rfc1 O-O 14. b5 Rac8 15.
bxc6 bxc6 16. Ne4 Rfd8 17. c5 dxc5 18. Rc2 Bf5 19. Bxf6 gxf6 20. Nxc5 Bg6 21.
Rac1 f5 22. Qa4 h5 23. Bg2 Kh7 24. Nb3 c5 25. Nd2 f4 26. Rc4 fxg3 27. hxg3 Rd4
28. Qa6 Rg8 29. Nf3 e4 30. dxe4 Bxe4 31. Nxd4 cxd4 32. Bxe4+ Qxe4 33. Rc5 {ZÜ}
1-0

[Event "BL 8889 Koblenz-München 36"]
[Site "?"]
[Date "1989.??.??"]
[Round "?.3"]
[White "Bastian, H."]
[Black "Bayer, E."]
[Result "0-1"]
[WhiteElo "2315"]
[BlackElo "2370"]
[PlyCount "88"]
[EventDate "1989.??.??"]

1. d4 Nf6 2. Nf3 e6 3. g3 d5 4. Bg2 Be7 5. O-O O-O 6. c4 dxc4 7. Qa4 a6 8. Qxc4
b5 9. Qc2 Bb7 10. Nbd2 Nbd7 11. e4 c5 12. Re1 cxd4 13. Nxd4 Rc8 14. Qb1 Bc5 15.
N2b3 Bxd4 16. Nxd4 Nc5 17. Nb3 Nfxe4 18. Nxc5 Nxc5 19. Bxb7 Nxb7 20. Be3 Qf6
21. a4 Rfd8 22. axb5 axb5 23. Ra7 Qf3 24. Bg5 Rd7 25. Ra3 Qh5 26. h4 Qg6 27.
Qa1 h6 28. Be3 Qf5 29. Rb3 Qd5 30. Rb4 Rc4 31. Rxc4 bxc4 32. Rc1 Na5 33. Qa4
Rb7 34. Rd1 Qb5 35. Rd8+ Kh7 36. Qc2+ f5 37. Qc3 Nc6 38. Rd6 e5 39. Qc2 e4 40.
Qd2 Ne5 41. Kg2 Rd7 42. Rxd7 Qxd7 43. Qa5 Nd3 44. Qb6 Ne1+ 0-1

[Event "BL 8889 Koblenz-München 36"]
[Site "?"]
[Date "1989.??.??"]
[Round "?.4"]
[White "Seul, G."]
[Black "Pichler, J."]
[Result "1-0"]
[WhiteElo "2315"]
[BlackElo "2325"]
[PlyCount "79"]
[EventDate "1989.??.??"]

1. d4 Nf6 2. Nf3 d6 3. c4 c6 4. Nc3 Nbd7 5. Bg5 h6 6. Bh4 Qb6 7. Rb1 g5 8. Bg3
Bg7 9. e3 Nh5 10. Qc2 c5 11. dxc5 Nxc5 12. Nd5 Qd8 13. b4 Nd7 14. Be2 Ndf6 15.
Nxf6+ Bxf6 16. O-O Nxg3 17. hxg3 O-O 18. Nd4 e6 19. Rfd1 a6 20. c5 d5 21. e4 e5
22. Nb3 d4 23. Na5 Qc7 24. Nc4 Be6 25. Nb6 Rad8 26. Bc4 Qc6 27. Qe2 g4 28. Bd5
Rxd5 29. exd5 Bxd5 30. Qxg4+ Bg7 31. Nxd5 Qxd5 32. Qf3 e4 33. Qb3 Qf5 34. Qc4
Rd8 35. b5 axb5 36. Rxb5 d3 37. c6 Qg4 38. Rxd3 Rxd3 39. cxb7 Bd4 40. Qc8+ 1-0

[Event "BL 8889 Koblenz-München 36"]
[Site "?"]
[Date "1989.??.??"]
[Round "?.5"]
[White "Eppinger, G."]
[Black "Hess, R."]
[Result "1-0"]
[WhiteElo "2300"]
[BlackElo "2330"]
[PlyCount "71"]
[EventDate "1989.??.??"]

1. e4 e5 2. Nf3 Nc6 3. Bb5 Bc5 4. O-O Nd4 5. Nxd4 Bxd4 6. c3 Bb6 7. d4 c6 8.
Ba4 d6 9. Na3 Nf6 10. Qd3 O-O 11. Bg5 h6 12. Bh4 Qe7 13. Bc2 g5 14. Bg3 h5 15.
h4 Ng4 16. hxg5 Qxg5 17. f4 Qh6 18. fxe5 dxe5 19. Nc4 f6 20. Nxb6 axb6 21. Bb3+
Kh8 22. dxe5 fxe5 23. Rxf8+ Qxf8 24. Rf1 Qe7 25. Rf7 Qg5 26. Rf8+ Kh7 27. Rf7+
Kh8 28. Rf8+ Kh7 29. Qd8 Qe3+ 30. Bf2 Qc1+ 31. Qd1 Qxd1+ 32. Bxd1 Kg7 33. Rd8
Kf7 34. Bb3+ Ke7 35. Bh4+ Nf6 36. Rh8 1-0

[Event "BL 8889 Koblenz-München 36"]
[Site "?"]
[Date "1989.??.??"]
[Round "?.6"]
[White "Weidemann, J."]
[Black "Goetz, R."]
[Result "1/2-1/2"]
[WhiteElo "2325"]
[BlackElo "2275"]
[PlyCount "57"]
[EventDate "1989.??.??"]

1. e4 c5 2. b3 e6 3. Bb2 Nc6 4. Nf3 a6 5. c4 d5 6. exd5 exd5 7. cxd5 Qxd5 8.
Bc4 Qe4+ 9. Kf1 Be6 10. Nc3 Bxc4+ 11. bxc4 Qxc4+ 12. d3 Qe6 13. Ng5 Qf5 14.
Nce4 O-O-O 15. Qb3 Nh6 16. Rc1 Qd5 17. Ke2 Qxb3 18. axb3 Re8 19. Kd2 f6 20. Nf3
b6 21. Rhe1 Rd8 22. Nxf6 Nb4 23. Re8 Bd6 24. Rxh8 Bf4+ 25. Ke2 Rxh8 26. Rc4 Bc7
27. Ne4 Re8 28. Bxg7 Nf5 29. Bf6 1/2-1/2

[Event "BL 8889 Koblenz-München 36"]
[Site "?"]
[Date "1989.??.??"]
[Round "?.7"]
[White "Koepf, U."]
[Black "Schlick, V."]
[Result "1/2-1/2"]
[WhiteElo "2245"]
[BlackElo "2290"]
[PlyCount "93"]
[EventDate "1989.??.??"]

1. Nf3 g6 2. d4 Bg7 3. g3 c5 4. Bg2 cxd4 5. Nxd4 Nc6 6. Nb3 d6 7. O-O Bd7 8.
Nc3 Nf6 9. h3 Rb8 10. a4 b6 11. f4 Qc8 12. Kh2 Na5 13. Nb5 a6 14. Nxd6+ exd6
15. Nxa5 bxa5 16. Qxd6 Qd8 17. Ra3 Rb6 18. Re3+ Be6 19. Bc6+ Rxc6 20. Qxc6+ Qd7
21. Qc5 Qd5 22. Qc8+ Ke7 23. Qc7+ Nd7 24. Rd3 Qe4 25. Rfd1 Qxe2+ 26. Kg1 Rd8
27. f5 Be5 28. Bg5+ f6 29. Bxf6+ Bxf6 30. Qd6+ Kf7 31. fxe6+ Qxe6 32. Qxe6+
Kxe6 33. Rd6+ Ke7 34. Rxa6 Bxb2 35. Rxa5 Ba3 36. Kg2 Rc8 37. Rd2 Rc3 38. Rb5
Nc5 39. a5 Kf7 40. Re2 Bc1 41. Rb8 Ra3 42. Ra8 Be3 43. a6 Ne6 44. Rb8 Bc5 45.
Rb7+ Kf6 46. Rxh7 Rxa6 47. Rd7 1/2-1/2

[Event "BL 8889 Heidelberg-Bayern"]
[Site "?"]
[Date "1989.??.??"]
[Round "?.2"]
[White "Ostl, A."]
[Black "Ribli, Z."]
[Result "1-0"]
[WhiteElo "2260"]
[BlackElo "2630"]
[PlyCount "143"]
[EventDate "1989.??.??"]

1. c4 Nf6 2. Nc3 e6 3. Nf3 c5 4. g3 b6 5. Bg2 Bb7 6. O-O Be7 7. b3 a6 8. Bb2
O-O 9. d4 cxd4 10. Qxd4 d6 11. Ne1 Qc7 12. Rc1 Nbd7 13. e4 Rad8 14. Nd3 Rfe8
15. Na4 Bc6 16. Nc3 Qb8 17. Nb4 Bb7 18. Nd3 Bf8 19. Rfd1 g6 20. Ba3 Ba8 21. Ne1
Ne5 22. f4 Nc6 23. Qxf6 Be7 24. Nd5 exd5 25. Qc3 d4 26. Qd2 b5 27. Nd3 bxc4 28.
Rxc4 Bf8 29. Bb2 Bg7 30. Nb4 Na5 31. Rxd4 Qb6 32. Kh1 Bxd4 33. Bxd4 Qb5 34. Bb2
f6 35. Bxf6 Rc8 36. Qxd6 Bxe4 37. Bxe4 Rxe4 38. Be5 Re8 39. Nd5 R4xe5 40. fxe5
Qe2 41. Nf6+ Kf7 42. Qd5+ Re6 43. Nd7 Kg7 44. Qd2 Qg4 45. Rf1 Nc6 46. Qf2 Qe4+
47. Kg1 Qd4 48. Qxd4 Nxd4 49. Rf6 Re7 50. Rd6 Ne2+ 51. Kg2 Nc1 52. e6 a5 53.
Ra6 Nxa2 54. Rxa5 Nb4 55. Re5 Re8 56. Re4 Nd5 57. b4 Rc8 58. b5 Rc2+ 59. Kh3
Ne7 60. Rf4 Nf5 61. b6 Rb2 62. g4 Nd6 63. Rf3 Re2 64. Nc5 Re5 65. b7 Nxb7 66.
Nxb7 Rxe6 67. Kg3 g5 68. Rd3 Re2 69. Nd6 Kf6 70. Nf5 h5 71. Rd6+ Ke5 72. Re6+
1-0

[Event "BL 8889 Heidelberg-Bayern"]
[Site "?"]
[Date "1989.??.??"]
[Round "?.3"]
[White "Hickl, J."]
[Black "Cicak, S."]
[Result "1-0"]
[WhiteElo "2500"]
[BlackElo "2345"]
[PlyCount "59"]
[EventDate "1989.??.??"]

1. e4 c5 2. Nc3 Nc6 3. f4 g6 4. Nf3 Bg7 5. Bb5 Nd4 6. O-O Nxb5 7. Nxb5 d6 8. d3
a6 9. Nc3 b5 10. Qe1 e6 11. Be3 Ne7 12. Qh4 Bb7 13. Rae1 Nc6 14. Qf2 O-O 15.
Kh1 Qa5 16. e5 dxe5 17. fxe5 Nxe5 18. Nxe5 Bxe5 19. Bxc5 Bxc3 20. bxc3 Qxc3 21.
Bxf8 Rxf8 22. Rxe6 Bd5 23. Rxa6 Rc8 24. Rd6 Bxa2 25. h3 Qe5 26. Qf4 Qxf4 27.
Rxf4 Rxc2 28. Rb4 Rc5 29. Rb6 Rd5 30. Rb2 1-0

[Event "BL 8889 Heidelberg-Bayern"]
[Site "?"]
[Date "1989.??.??"]
[Round "?.5"]
[White "Hertneck, G."]
[Black "Neunhoeffer, H."]
[Result "0-1"]
[WhiteElo "2435"]
[BlackElo "2270"]
[PlyCount "46"]
[EventDate "1989.??.??"]

1. d4 Nf6 2. c4 e6 3. Nf3 d5 4. Nc3 Bb4 5. Bg5 dxc4 6. e4 c5 7. e5 cxd4 8. Qa4+
Nc6 9. O-O-O Bd7 10. Ne4 Be7 11. exf6 gxf6 12. Bh4 b5 13. Qc2 e5 14. Kb1 Be6
15. Qc1 Rc8 16. Qh6 Bf5 17. Nfd2 Nb4 18. Bxf6 Bxf6 19. Bd3 Bg6 20. Nxf6+ Qxf6
21. Bxg6 Qxg6+ 22. Qxg6 hxg6 23. f4 c3 0-1

[Event "BL 8889 Heidelberg-Bayern"]
[Site "?"]
[Date "1989.??.??"]
[Round "?.6"]
[White "Nonnenmacher, E."]
[Black "Schlosser, P."]
[Result "0-1"]
[WhiteElo "2320"]
[BlackElo "2385"]
[PlyCount "86"]
[EventDate "1989.??.??"]

1. e4 c5 2. Nf3 d6 3. d4 cxd4 4. Nxd4 Nf6 5. Nc3 a6 6. g3 e6 7. Bg2 Be7 8. O-O
O-O 9. b3 Qc7 10. Bb2 Rd8 11. g4 d5 12. exd5 exd5 13. h3 Nc6 14. Nce2 h5 15. g5
Ne4 16. Nxc6 bxc6 17. Qd4 Bf8 18. Qe3 Re8 19. Rfe1 Bd7 20. Qf3 Bc5 21. Bd4 Bxd4
22. Nxd4 Qe5 23. c3 Qxg5 24. b4 Qg6 25. Kh1 Re5 26. Qf4 Rae8 27. Bxe4 Rxe4 28.
Rxe4 Rxe4 29. Qb8+ Re8 30. Qg3 Qxg3 31. fxg3 Re3 32. Kg2 Rxc3 33. Re1 Kf8 34.
Rd1 Ke7 35. Rd2 Kd6 36. Kf2 Bxh3 37. Ne2 Rc4 38. a3 g5 39. Rd3 Bf5 40. Rf3 Ke5
41. Nc3 d4 42. Na4 g4 43. Rf4 h4 0-1

[Event "BL 8889 Heidelberg-Bayern"]
[Site "?"]
[Date "1989.??.??"]
[Round "?.7"]
[White "Stangl, M."]
[Black "Grathwohl, R."]
[Result "1/2-1/2"]
[WhiteElo "2360"]
[BlackElo "2310"]
[PlyCount "56"]
[EventDate "1989.??.??"]

1. Nf3 Nf6 2. c4 e6 3. g3 b6 4. Bg2 Bb7 5. Nc3 c5 6. O-O Be7 7. d4 cxd4 8. Qxd4
O-O 9. Rd1 d6 10. b3 Nbd7 11. Ng5 Bxg2 12. Kxg2 a6 13. Bb2 Qc7 14. Rac1 Rfd8
15. Qf4 Ne5 16. Kg1 Rab8 17. Nce4 h6 18. Nf3 Nxf3+ 19. Qxf3 Nxe4 20. Qxe4 Qb7
21. Qg4 Bf8 22. Rc2 Rbc8 23. Rcd2 b5 24. Rc1 bxc4 25. Rxc4 d5 26. Rcc2 Qb4 27.
Qf3 Qb5 28. Qg4 Qb4 1/2-1/2

[Event "BL 8889 Heidelberg-Bayern"]
[Site "?"]
[Date "1989.??.??"]
[Round "?.8"]
[White "Neurohr, S."]
[Black "Klundt, K."]
[Result "1/2-1/2"]
[WhiteElo "2305"]
[BlackElo "2410"]
[PlyCount "80"]
[EventDate "1989.??.??"]

1. d4 Nf6 2. c4 g6 3. Nc3 Bg7 4. e4 O-O 5. f4 c5 6. d5 d6 7. Nf3 e6 8. Be2 exd5
9. cxd5 b5 10. e5 dxe5 11. fxe5 Ng4 12. Bg5 Qb6 13. O-O c4+ 14. Kh1 Nd7 15. d6
Bb7 16. Nd4 Ndxe5 17. Ncxb5 a6 18. Nc7 Qxd6 19. Nxa8 Nd3 20. Bxg4 Qxd4 21. Bf3
Bxa8 22. Bxa8 Rxa8 23. Qf3 Rf8 24. Be7 Ne5 25. Qd1 Qxd1 26. Raxd1 Re8 27. Rd8
Rxd8 28. Bxd8 Nd3 29. Bf6 a5 30. Bxg7 Kxg7 31. Kg1 a4 32. a3 f5 33. Rf3 Kf6 34.
Kf1 Ke5 35. Ke2 Kd4 36. Kd2 Nxb2 37. Rf4+ Kc5 38. Kc3 Nd1+ 39. Kd2 Nb2 40. Kc3
Nd1+ 1/2-1/2

[Event "BL 8889 München 36-Heidelberg"]
[Site "?"]
[Date "1989.??.??"]
[Round "?.1"]
[White "Steinbacher, M."]
[Black "Smejkal, J."]
[Result "0-1"]
[WhiteElo "2340"]
[BlackElo "2515"]
[PlyCount "68"]
[EventDate "1989.??.??"]

1. d3 g6 2. g3 Bg7 3. Bg2 d5 4. c4 Nf6 5. cxd5 Nxd5 6. Nf3 c5 7. O-O O-O 8. Nc3
Nxc3 9. bxc3 Bxc3 10. Bh6 Bg7 11. Bxg7 Kxg7 12. Qc2 Na6 13. Rab1 Rb8 14. Rfc1
f6 15. Qc4 e5 16. Qxa6 bxa6 17. Rxb8 Qa5 18. Rb2 Qa3 19. Rbc2 Be6 20. Nd2 Rb8
21. Nb1 Qa5 22. a3 Rb3 23. h4 Qb6 24. Nd2 Rb2 25. Bf3 Rxc2 26. Rxc2 f5 27. Kg2
Kf6 28. Nf1 Qa5 29. Rb2 c4 30. dxc4 e4 31. Bxe4 fxe4 32. Rb3 Bxc4 33. Re3 Qe1
34. Nh2 h5 0-1

[Event "BL 8889 München 36-Heidelberg"]
[Site "?"]
[Date "1989.??.??"]
[Round "?.2"]
[White "Nikolac, J."]
[Black "Ostl, A."]
[Result "1-0"]
[WhiteElo "2495"]
[BlackElo "2260"]
[PlyCount "85"]
[EventDate "1989.??.??"]

1. d4 Nf6 2. Nf3 d5 3. Bf4 c6 4. e3 Bf5 5. c4 Qb6 6. Qb3 dxc4 7. Bxc4 e6 8.
Nbd2 Nbd7 9. O-O a5 10. Nh4 a4 11. Qxb6 Nxb6 12. Nxf5 exf5 13. Bd3 Bb4 14. Rad1
g6 15. Nc4 Nbd5 16. Be5 O-O 17. a3 Be7 18. h3 Rfe8 19. Rfe1 h5 20. Bh2 Nd7 21.
Re2 Bf8 22. Bb1 Re6 23. Ba2 Rae8 24. Rde1 N7f6 25. Ne5 Kg7 26. f3 R6e7 27. Nc4
Re6 28. Be5 Kg8 29. e4 fxe4 30. fxe4 Nd7 31. exd5 cxd5 32. Nd2 Nxe5 33. dxe5
Bc5+ 34. Kf1 Rd8 35. Nf3 Rb6 36. Rc2 Rb5 37. Rd1 Be3 38. Ke2 d4 39. Kd3 Rf8 40.
Bc4 Rb6 41. Bd5 Rb5 42. Ke4 Rd8 43. Bc4 1-0

[Event "BL 8889 München 36-Heidelberg"]
[Site "?"]
[Date "1989.??.??"]
[Round "?.3"]
[White "Cicak, S."]
[Black "Bastian, H."]
[Result "0-1"]
[WhiteElo "2345"]
[BlackElo "2315"]
[PlyCount "102"]
[EventDate "1989.??.??"]

1. e4 g6 2. d4 Bg7 3. Nf3 d6 4. Nc3 Nf6 5. Bc4 O-O 6. Qe2 c6 7. e5 dxe5 8. dxe5
Nd5 9. Bd2 Bg4 10. h3 Bxf3 11. gxf3 Nxc3 12. Bxc3 e6 13. f4 Re8 14. h4 h5 15.
Rd1 Qe7 16. Rd6 Nd7 17. f5 Qxd6 18. fxe6 Rxe6 19. exd6 Bxc3+ 20. bxc3 Rxe2+ 21.
Bxe2 Rd8 22. Rg1 Nf6 23. f4 Rxd6 24. f5 Kg7 25. Bd3 Nd5 26. Kd2 Ne7 27. Ke3 Kf6
28. fxg6 fxg6 29. Kf4 Rd5 30. Be4 Rc5 31. Rd1 Nd5+ 32. Bxd5 Rxd5 33. Rb1 b6 34.
Ke4 Re5+ 35. Kd4 Rd5+ 36. Ke4 Re5+ 37. Kd4 g5 38. Rf1+ Rf5 39. hxg5+ Kxg5 40.
Rg1+ Kf6 41. c4 Rf4+ 42. Kc3 h4 43. Rg8 c5 44. a4 h3 45. a5 bxa5 46. Kb3 Rh4
47. Rg1 h2 48. Rh1 Ke5 49. c3 Kf4 50. Ka4 Kg3 51. Kb5 Kg2 0-1